000 00224nam a2200109Ia 4500
100 _a#N/A
942 _cBK
654 _anc - cnc
245 _aGrinding Operation /Surface Grinding
260 _b#N/A
_c2004
546 _aENGLISH
999 _c29154
_d29154